| 000 | 00543nam a2200181 i 4500 | ||
|---|---|---|---|
| 001 | 68082 | ||
| 003 | ES-MaACL | ||
| 005 | 20250815112600.0 | ||
| 007 | t| | ||
| 008 | 040217s1963 sp ||||1| spa d | ||
| 100 | 1 |
_aGandarias Bajón, Juan Manuel de ( _d1921-2011) _953829 |
|
| 245 | 1 | 0 |
_aBioquímica / _cJ.M. Gandarias. |
| 260 |
_aSalamanca : _b[s.n.], _c1963 ( _eValladolid : _fImp. Agustiniana) |
||
| 300 |
_a1 v. ; _c25 cm. |
||
| 650 | 0 | 7 |
_aBioquímica _2embne _9136796 |
| 852 |
_aES-MaACL _jP-1040-Ter _bR.52985 |
||
| 999 |
_c68082 _d68082 |
||